| 000 | 00642nam a2200157 a 4500 | ||
|---|---|---|---|
| 001 | 000028415 | ||
| 005 | 20200930054931.0 | ||
| 008 | 110408s2006 dr 000 0 spa d | ||
| 040 |
_aDO-SdBNP _bspa _cBNPHU |
||
| 082 |
_axxx _bR337o |
||
| 245 | 0 | 1 | _aReglamento de organización y funciones de la escuela nacional del Ministerio Público. |
| 260 |
_aSanto Domingo : _bEscuela Nacional del Ministerio Público, (ENMP) _bOrganización Internacional del Trabajo (OIT), UNIBE Universidad Iberoamericana., _c2006. _fEditora Búho |
||
| 300 |
_a39 p. ; _c22 cm. |
||
| 710 | 1 |
_aLa Escuela Nacional del Ministerio Público, (ENMP) _955369 |
|
| 049 | _aBNPD | ||
| 999 |
_c27907 _d27907 |
||